Practical handbook on spectral analysis (Record no. 2558)

MARC details
000 -LEADER
fixed length control field 00494nam a2200169Ia 4500
003 - CONTROL NUMBER IDENTIFIER
control field IN-BaIIA
008 - FIXED-LENGTH DATA ELEMENTS--GENERAL INFORMATION
fixed length control field 211028s9999 xx 000 0 eng d
040 ## - CATALOGING SOURCE
Transcribing agency IIA Library
080 ## - UNIVERSAL DECIMAL CLASSIFICATION NUMBER
Universal Decimal Classification number 535.33
Item number BUR
100 ## - MAIN ENTRY--PERSONAL NAME
Personal name Burakow, V. S.
9 (RLIN) 4551
245 #0 - TITLE STATEMENT
Title Practical handbook on spectral analysis
Statement of responsibility, etc. V. S. Burakow
260 ## - PUBLICATION, DISTRIBUTION, ETC.
Place of publication, distribution, etc. Oxford
Name of publisher, distributor, etc. Pergamon Press
Date of publication, distribution, etc. 1964
300 ## - PHYSICAL DESCRIPTION
Extent xiv,190p.
650 ## - SUBJECT ADDED ENTRY--TOPICAL TERM
Topical term or geographic name entry element NASA Thesaurus
650 ## - SUBJECT ADDED ENTRY--TOPICAL TERM
Topical term or geographic name entry element Spectroscopy
9 (RLIN) 1535
942 ## - ADDED ENTRY ELEMENTS (KOHA)
Koha item type Books
Holdings
Withdrawn status Lost status Damaged status Not for loan Home library Current library Shelving location Date acquired Cost, normal purchase price Total Checkouts Full call number Barcode Date last seen Cost, replacement price Price effective from Koha item type Purchase Price
        IIA Library-Bangalore IIA Library-Bangalore General Stacks 30/03/1966 53.60   535.33/ BUR 2858 05/11/2021 53.60 30/03/1966 Books Rs. 53.60

Powered by Koha